| 000 | 00721 a2200193 4500 | ||
|---|---|---|---|
| 020 | _a007115499X (paperback) | ||
| 020 | _a9780071154994 (paperback) | ||
| 090 |
_c4033 _d4033 |
||
| 100 | 1 | _aRose, Peter. | |
| 245 | 1 | 0 |
_aMoney and capital markets : _bfinancial instruments in a global marketplace / _cPeter Rose. |
| 250 | _aInternat.2r.e. ed. | ||
| 260 |
_a[S.l.] : _bMcGraw-Hill Education (ISE Editions), _c1997. |
||
| 300 | _a733 p. | ||
| 490 | 1 | _aMcgraw-hill international editions: finance series. | |
| 500 | _aImport. | ||
| 830 | 0 | _aMcgraw-hill international editions: finance series. | |
| 856 | 4 | 0 |
_3Amazon.com _uhttp://www.amazon.com/exec/obidos/ASIN/007115499X/chopaconline-20 |
| 942 |
_aNBS _cBK _k332.0973 ROS |
||
| 999 |
_c346492 _d346492 |
||